000 00419nam a22001577a 4500
999 _c2491
_d2491
008 200305b ||||| |||| 00| 0 eng d
082 0 0 _a623.87
_bH268
100 _9910
_aHardy, A. C.
245 1 0 _aModern marine engineering, Vol - I
_cby A. C. Hardy
250 _a1st ed.
260 _aLondon
_bCaxton Publishing Company
_c1948
300 _avii,224 p.
365 _d43.10
650 0 _aMarine Engineering
942 _cBK